Facelets essentials : guide to Javaserver Faces view definition framework /

Bibliographic Details
Main Author: Aranda, Bruno
Corporate Author: SpringerLink (Online service)
Other Authors: Wadia, Zubin
Format: eBook
Language:English
Published: Berkeley, CA : Apress, [2008]
Subjects:
Online Access:Connect to the full text of this electronic book

MARC

Tag First Indicator Second Indicator Subfields
LEADER 00000cam a2200000I 4500
001 in00002467883
005 20210817090334.0
006 m d
007 cr cn|||||||||
008 081117s2008 xx s 000 0 eng d
020 |a 1430210508 
020 |a 9781430210504 
035 |a (OCoLC)272354670 
035 |a (OCoLC)ocn272354670 
037 |a 978-1-4302-1049-8  |b Springer  |n http://www.springerlink.com 
040 |a GW5XE  |c GW5XE  |d UtOrBLW 
049 |a TEFA 
050 1 4 |a TK5105.8885.J38  |b A73 2008eb 
100 1 |a Aranda, Bruno. 
245 1 0 |a Facelets essentials :  |b guide to Javaserver Faces view definition framework /  |c Bruno Aranda and Zubin Wadia. 
264 1 |a Berkeley, CA :  |b Apress,  |c [2008] 
264 2 |a New York :  |b Distributed to the book trade in the United States by Springer-Verlag New York, Inc. 
264 4 |c ©2008 
300 |a iii, 83 pages ;  |c 24 cm. 
336 |a text  |b txt  |2 rdacontent 
337 |a computer  |b c  |2 rdamedia 
338 |a online resource  |b cr  |2 rdacarrier 
500 |a Cover title. 
500 |a Electronic resource. 
533 |a Electronic reproduction.  |b New York :  |c Springer,  |d 2008.  |n Mode of access: World Wide Web.  |n System requirements: Web browser.  |n Title from title screen (viewed on Nov. 10, 2008).  |n Access may be restricted to users at subscribing institutions. 
630 0 0 |a JavaServer pages.  |0 http://id.loc.gov/authorities/names/n00063662 
650 0 |a Web site development  |x Computer programs.  |0 http://id.loc.gov/authorities/subjects/sh2008113418 
650 0 |a Web sites  |x Design.  |0 http://id.loc.gov/authorities/subjects/sh98000035 
655 7 |a Electronic books.  |2 local 
700 1 |a Wadia, Zubin.  |0 http://id.loc.gov/authorities/names/no2009033221 
710 2 |a SpringerLink (Online service)  |0 http://id.loc.gov/authorities/names/no2005046756 
856 4 0 |u http://proxy.library.tamu.edu/login?url=https://dx.doi.org/10.1007/978-1-4302-1050-4  |z Connect to the full text of this electronic book  |t 0 
994 |a C0  |b TEF 
999 |a MARS 
999 f f |s 57f33f30-8fc1-3f0b-80cf-bd803e7b014f  |i c68da779-eeca-3c95-8c4e-2ecc3d18850c  |t 0 
952 f f |a Texas A&M University  |b College Station  |c Electronic Resources  |d Available Online  |t 0  |e TK5105.8885.J38 A73 2008eb  |h Library of Congress classification 
998 f f |a TK5105.8885.J38 A73 2008eb  |t 0  |l Available Online